Sports Quiz

Random Sports or NBA Quiz
Score 0/5 Timer 10:00
0 Plays Today
Hints Answer % Correct
KOBE!!!Los Angeles Lakers
94.3%
Cowboy BootsSan Antonio Spurs
88.7%
Harry PotterWashington Wizards
86.8%
7'3 Latvian NBA PlayerNew York Knicks
81.1%
The Kings HometownCleveland Cavaliers
75.5%
Remove Ads.
Support Sporcle.
Get the best of Sporcle when you Go Orange. This ad-free experience offers more features, more stats, and more fun while also helping to support Sporcle. Thank you for becoming a member.

You're not logged in!

Compare scores with friends on all Sporcle quizzes.
OR
Log In

Show Comments

Extras

Top Quizzes Today


Score Distribution

Your Account Isn't Verified!

In order to create a playlist on Sporcle, you need to verify the email address you used during registration. Go to your Sporcle Settings to finish the process.

Report this User

Report this user for behavior that violates our Community Guidelines.

Details: